| 000 | 01915cam a22005053a 4500 | ||
|---|---|---|---|
| 001 | 16357816 | ||
| 003 | OSt | ||
| 005 | 20230602095838.0 | ||
| 008 | 880728s1855 it 000 1 ita d | ||
| 010 | _a 2010658314 | ||
| 020 | _a9966744207 | ||
| 035 | _a(CStRLIN)VAUP88-B623 | ||
| 040 |
_aViU _cViU _dDLC |
||
| 041 | 0 | _aita | |
| 050 | 0 | 0 |
_aML48 _b[S2261] |
| 082 |
_a324.204 _bOCH |
||
| 100 | 1 |
_aCortesi, Francesco, _d1826-1904. _4cmp |
|
| 240 | 1 | 0 |
_aMicaela. _sLibretto. _lItalian |
| 245 | 1 | 0 |
_aMicaela : _bmelodramma serio in tre atti / _cdi Domenico Micciarelli ; musica del maestro Francesco Cortesi ; da rappresentarsi nel reale teatro di Parma il carnevale 1855. |
| 260 |
_aParma : _bPer Alessandro Stocchi stampatore del R. teatro, _c[1855?] |
||
| 300 |
_a37, [3] p. ; _c17 cm. |
||
| 500 | _aU.S. RISM Libretto Project. | ||
| 500 | _aLa musica e la poesia essendo di proprietà esclusiva di Antonio Lanari ..."--p. 2. | ||
| 500 | _aPersonaggi: MARIA DI BORGOGNA. Dall'Anese Luisa -- MICAELA. Adelaide Cortesi -- ROLANDO. de-Giovanni Francesco -- OLIVIERO. Domenech Lorenzo -- IL PRINCIPE MASSIMILIANO. Pardini Gaetano -- ARRIGO. Cortopassi Giacomo | ||
| 518 | _aPerformance: Parma, Teatro Regio, 1855. | ||
| 650 | 0 |
_aOperas _vLibrettos. |
|
| 653 | _aMaria di Borgogna | ||
| 653 | _aMicaela | ||
| 653 | _aRolando | ||
| 653 | _aOliviero | ||
| 653 | _aMassimiliano | ||
| 653 | _aArrigo | ||
| 653 | _aImelda | ||
| 720 | 1 |
_aZambelli, Carolina. _4voc |
|
| 720 | 1 |
_aMicciarelli, Domenico. _4lbt |
|
| 720 | 1 |
_aDall'Anese, Luisa. _4voc |
|
| 720 | 1 |
_aCortesi, Adelaide. _4voc |
|
| 720 | 1 |
_aDe Giovanni, Francesco. _4voc |
|
| 720 | 1 |
_aDomenech, Lorenzo. _4voc |
|
| 720 | 1 |
_aPardini, Gaetano. _4voc |
|
| 720 | 1 |
_aCortopassi, Giacomo. _4voc |
|
| 856 | 4 | 1 |
_dmusschatz _f11709 _uhttp://hdl.loc.gov/loc.music/musschatz.11709 |
| 906 |
_a7 _bcbc _ccopycat _d3 _encip _f20 _gy-genmusic |
||
| 942 |
_2ddc _cBK |
||
| 999 |
_c42 _d42 |
||